| 000 | 00000nam##2200000za#4500 |
| 001 | 9.577891 |
| 003 | CaOODSP |
| 005 | 20210624185828 |
| 007 | cr ||||||||||| |
| 008 | 150406|1983||||xxc|||||o f|0| 0 eng|d |
| 022 | |a1488-5387 |
| 040 | |aCaOODSP|beng |
| 043 | |an-cn--- |
| 086 | 1 |aFs97-4/1698E-PDF |
| 110 | 1 |aCanada. |bDepartment of Fisheries and Oceans. |
| 245 | 10|aResearch in fisheries contaminants and toxicology at the Biological Station, St. Andrews, N.B., in 1982 / |h[electronic resource]|cV. Zitko, editor. |
| 260 | |aSt. Andrews - New Brunswick : |bFisheries and Oceans Canada |cJanuary 1983. |
| 300 | |a19p.|breferences, tables |
| 490 | 1 |aCanadian manuscript report of fisheries and aquatic sciences|x1488-5387|vNo. 1698 |
| 500 | |aThe catalogue number (Fs97-4/1698) and ISSN (0706-6473) for the print edition have been incorrectly copied in this electronic publication. |
| 546 | |a(Résumés en français) |
| 590 | |a13-25-Supp|b2013-10-28 |
| 690 | 07|aFisheries management|2gcpds |
| 690 | 07|aSalt water fish|2gcpds |
| 690 | 07|aToxicology|2gcpds |
| 720 | 1 |aZitko, V. |
| 830 | #0|aCanadian manuscript report of fisheries and aquatic sciences,|x1488-5387|vNo. 1698|w(CaOODSP)9.505211 |
| 856 | 40|ahttp://publications.gc.ca|qPDF|s1.73 MB|uhttps://publications.gc.ca/collections/collection_2013/mpo-dfo/Fs97-4-1698-eng.pdf|yNo. 1698 |